000 00598nam a2200241Ia 4500
003 OSt
005 20220918200028.0
006 a|||||r|||| 00| 0
007 ta
008 220917b |||||||| |||| 00| 0 eng d
024 _a87,246
037 _cTextual
040 _aARTS
_cARTS
_beng
041 _2eng
_aeng
082 _aU0Y133z7, J9
100 _aMayer H M
_992503
245 0 _aReadings in urban geography
260 _c1959
650 _aGEOGRAPHY
700 _a Kohn C F
_992504
942 _hU0Y133z7, J9
_cTEXL
_2CC
999 _c210941
_d210941